00471cam a22001692 4500001001100000005001700011008004100028020001700069040001500086100003600101245004400137250001300181260003900194300001500233650005000248852000300298000002341720151217152241.0121122s xx 000 0 eng d a1439040447 : aKABUcKABU1 aCarbaugh, Robert J.@000018164710aGlobal economics /cRobert J. Carbaugh. a13th ed. aAustralia :bSouth-Western,c2011. axx, 602 p. 0aInternational economic relations.@00001445711